H animals - Statistics

General Stats
  • This quiz has been taken 56 times
  • The average score is 11 of 13
Answer Stats
Picture Answer % Correct
Hippo
100%
Husky
100%
Horse
98%
Hyena
96%
Hedgehog
92%
Hare
88%
Hawk
84%
Hummingbird
82%
Hamster
80%
Hornet
69%
Honey badger
63%
Heron
61%
Hog
61%
No matching quizzes found
Score Distribution
Percent of People with Each Score
Percentile by Number Answered
Your Score History
You have not taken this quiz